Histoire - Sont-ils morts avant Napoléon 1er? - Statistiques

Statistiques générales
  • Ce quiz a été pris 24 fois
  • Le résultat moyen est 9 sur 15
Statistiques - réponses
Question Réponse % Correct
Napoléon 1er ou Denis Diderot? Denis Diderot
83%
Napoléon 1er ou Nicolas Appert? Napoléon 1er
75%
Napoléon 1er ou Wolfgang Amadeus Mozart? Wolfgang Amadeus Mozart
75%
Napoléon 1er ou Stendhal? Napoléon 1er
71%
Napoléon 1er ou Louis XVIII? Napoléon 1er
67%
Napoléon 1er ou Jean-François Champollion? Napoléon 1er
67%
Napoléon 1er ou Jean-Jacques Rousseau? Jean-Jacques Rousseau
63%
Napoléon 1er ou Johann Wolfgang von Goethe? Napoléon 1er
63%
Napoléon 1er ou Voltaire? Voltaire
63%
Napoléon 1er ou George Washington? George Washington
58%
Napoléon 1er ou Charles X? Napoléon 1er
58%
Napoléon 1er ou Joachim Murat? Joachim Murat
54%
Napoléon 1er ou Adam Smith? Adam Smith
46%
Napoléon 1er ou Lord Byron? Napoléon 1er
42%
Napoléon 1er ou Joseph Fouché? Joseph Fouché
29%
Aucun quiz correspondant
Distribution des résultats
% des personnes avec chaque résultat
Percentile par nombre de réponses
Votre historique - résultats
Vous n’avez pas pris ce quiz